000 01081cam a2200313 a 4500
999 _c173
_d173
001 16419854
003 GZU
005 20200707134941.0
008 100817s2011 caua b 001 0 eng
010 _a 2010033453
020 _a9781412977371 (pbk.)
020 _a1412977371 (pbk.)
035 _a(OCoLC)ocn617425459
040 _aDLC
_cDLC
_dYDX
_dBTCTA
_dYDXCP
_dDLC
050 0 0 _aBF637.C45
_bG83 2011
082 0 0 _a153.6
_222
100 1 _aGuerrero, Laura K.
245 1 0 _aClose encounters :
_bcommunication in relationships /
_cLaura K. Guerrero, Peter A. Andersen, Walid A. Afifi.
250 _a3rd ed.
260 _aThousand Oaks, Calif. :
_bSAGE,
_cc2011.
300 _axix, 482 p. :
_bill. ;
_c24 cm.
504 _aIncludes bibliographical references and indexes.
650 0 _aInterpersonal communication.
700 1 _aAndersen, Peter A.
700 1 _aAfifi, Walid A.
906 _a7
_bcbc
_corignew
_d1
_eecip
_f20
_gy-gencatlg
942 _2lcc
_cBK
_e3rd ed.
_h637
_iGUE
_kBF
_m2011